| 000 -LEADER |
| fixed length control field |
00314nam a22001217a 4500 |
| 082 ## - DEWEY DECIMAL CLASSIFICATION NUMBER |
| Classification number |
Q43x54 N511 |
| 100 ## - MAIN ENTRY--PERSONAL NAME |
| Personal name |
Nagalaxmibai, K.G. |
| 9 (RLIN) |
4450 |
| 245 ## - TITLE STATEMENT |
| Title |
Babies on sale |
| Statement of responsibility, etc |
K.G. Nagalaxmibai |
| 260 ## - PUBLICATION, DISTRIBUTION, ETC. (IMPRINT) |
| Place of publication, distribution, etc |
Bangalore |
| Name of publisher, distributor, etc |
N.Gopal |
| Date of publication, distribution, etc |
2010 |
| 300 ## - PHYSICAL DESCRIPTION |
| Extent |
88p. |
| 650 ## - SUBJECT ADDED ENTRY--TOPICAL TERM |
| Topical term or geographic name as entry element |
Human smuggling |
| 9 (RLIN) |
15000 |
| 650 ## - SUBJECT ADDED ENTRY--TOPICAL TERM |
| Topical term or geographic name as entry element |
Child welfare |
| 9 (RLIN) |
15001 |